书目信息 |
| 题名: |
险难中的邓小平
|
|
| 作者: | 苏北 编著 | |
| 分册: | ||
| 出版信息: | 广州 广东人民出版社 2004 |
|
| 页数: | 450页 | |
| 开本: | 20cm | |
| 丛书名: | ||
| 单 册: | ||
| 中图分类: | A762 | |
| 科图分类: | ||
| 主题词: | ||
| 电子资源: | ||
| ISBN: | 7-218-04599-5 | |
| 000 | 00714nam0 2200217 45 | |
| 001 | 002713075 | |
| 005 | 20041220160656.6 | |
| 010 | @a7-218-04599-5@dCNY28.00 | |
| 100 | @a20040824d2004 em y0chiy0110 ea | |
| 101 | 0 | @achi |
| 102 | @aCN@b440000 | |
| 105 | @aa z 000yd | |
| 200 | 1 | @a险难中的邓小平@AXian Nan Zhong De Deng Xiao Ping@f苏北编著@FSu Bei Bian Zhu |
| 210 | @a广州@c广东人民出版社@d2004 | |
| 215 | @a450页@c照片@d20cm | |
| 330 | @a本书从邓小平留学之路开始,一直写到第三次复出,以大量的史实向读者展示了邓小平一生中历经磨难的坎坷之旅和英勇顽强的斗争精神。 | |
| 600 | 0 | @a邓小平@x生平事迹 |
| 690 | @aA762@v4 | |
| 701 | 0 | @a苏北@4编著 |
| 801 | 0 | @aCN@bNLC@c20040928 |
| 905 | @b340723-727@dA762@e111@f5 | |
| 险难中的邓小平/苏北编著.-广州:广东人民出版社,2004 |
| 450页:照片;20cm |
| ISBN 7-218-04599-5:CNY28.00 |
| 本书从邓小平留学之路开始,一直写到第三次复出,以大量的史实向读者展示了邓小平一生中历经磨难的坎坷之旅和英勇顽强的斗争精神。 |
| ● |
| 相关链接 |
|
|
|
|
正题名:险难中的邓小平
索取号:A762/111
 
预约/预借
| 序号 | 登录号 | 条形码 | 馆藏地/架位号 | 状态 | 备注 |
| 1 | 0340723 | 203407232 | 第一样本阅览室/ [索取号:A762/111] | 在馆 | |
| 2 | 0340724 | 203407241 | 第一借阅区/ [索取号:A762/111] | 在馆 | |
| 3 | 0340725 | 203407250 | 第一借阅区/ [索取号:A762/111] |
已借出,限还日期为2025.03.16 借出人:赵春华 |
|
| 4 | 0340726 | 203407269 | 第一借阅区/ [索取号:A762/111] | 在馆 | |
| 5 | 0340727 | 203407278 | 第一借阅区/ [索取号:A762/111] | 在馆 |